Olejniny situačná a výhľadová správa - máj 2002

Enregistré dans:
Détails bibliographiques
Auteur principal: Jamborová, Mária
Format: Livre
Langue:slovaque
anglais
Publié: Bratislava Ministerstvo pôdohospodárstva SR 2002
Sujets:
Tags: Ajouter un tag
Pas de tags, Soyez le premier à ajouter un tag!

MARC

LEADER 00000nam a2200000 4500
001 c134329
005 20221124092634.3
020 |a 80-8058-245-9 
041 0 |a slo 
041 0 |a eng 
044 |a SK 
245 1 0 |a Olejniny  |b situačná a výhľadová správa - máj 2002  |c Mária Jamborová 
264 1 |a Bratislava  |b Ministerstvo pôdohospodárstva SR  |c 2002 
300 |a 25 s. 
610 2 0 |a potravinárstvo 
610 2 0 |a potraviny 
610 2 0 |a poľnohospodárstvo 
610 2 0 |a pôdohospodárstvo 
610 2 0 |a rastliny priemyselné 
610 2 0 |a oleje rastlinné 
610 2 0 |a sója 
610 2 0 |a trh 
610 2 0 |a porovnanie medzinárodné 
610 2 0 |a prognózy 
610 2 0 |a Slovensko 
100 1 |a Jamborová, Mária